000
00299nam a2200109Ia 4500
008
171204s9999 xx 000 0 und d
245
_a
Complete Digital Photography:
245
_c
Ben Long
260
_c
2014
650
_x
DIGITAL PHOTOGRAPHY
856
_u
http://down.ebook777.com/ComDigPho(8tEdi.pdf
999
_c
346072
_d
346072